000 00503nam a22001937a 4500
003 MPLRDC
005 20220104144133.0
008 210129b ||||| |||| 00| 0 eng d
020 _a7-80677-164-6
082 _a782.631 HS
100 _a黄杉、管琼 编著
245 _a台海流金
_c
250 _a一版一刷
260 _a中国
_b广东经济出版社
_c2002
300 _b304
490 _a中国商帮传奇--福建帮
650 _a中国传记--商业史
942 _cBK
_o782.631 HS
999 _c46730
_d46720